Naša cirkev letáčik evanj. aug. vyzn. cirkevného sboru v Banskej Bystrici

Náboženský (ev. a. v.) regionálny mesačník

Bibliographic Details
Corporate Authors: Slovan (Banská Bystrica, Slovensko : tlačiareň) (Translator), Bystrá (Banská Bystrica) (Translator), Grafia (Banská Bystrica) (Translator)
Other Authors: Holčík, Juraj, 1903-1984 (Publishing director), Bakoss, Ján, 1895-1945 (Publishing director), Pažický, Daniel, 1881-1941 (Printer)
Format: Journal
Language:Slovak
PhysicalDescription:11 roč. 23 x 16 cm
Published: Banská Bystrica Evanj. aug. vyzn. cirkevný sbor v Banskej Bystrici 1938-1948
Subjects:

MARC

LEADER 00000cas a2200000 a 4500
001 vtls010301687
003 SK-MaSNL
005 20260228163247.0
008 110810d19381948xo mr|p r 0 b0slo
015 |a SNBDS17XX9999 
015 |a 0343a  |2 Kipsová 1919-38 
015 |a 0319  |2 Fedor 1939-44 
015 |a 0820  |2 Balúnová 1945-60 
038 |a SNKBUDS 
040 |a SNK  |b slo  |c SNK  |e AACR2 
041 0 |a slo 
044 |a xo  |c SK 
245 0 0 |a Naša cirkev  |b letáčik evanj. aug. vyzn. cirkevného sboru v Banskej Bystrici 
260 |a Banská Bystrica  |b Evanj. aug. vyzn. cirkevný sbor v Banskej Bystrici  |c 1938-1948 
300 |a 11 roč.  |c 23 x 16 cm 
310 |a 1x mesačne 
362 0 |a Roč. I, č. 1 (1938)-roč. XI, č. 12 (dec. 1948) 
500 |a Vych. v Banskej Bystrici raz za mesiac vo formáte 23 x 16 cm; od r. 1939 vo formáte 24 x 16 cm 
500 |a Zodp. red. Juraj Holčík. Red. Ján Bakoss a Juraj Holčík. Za red. zodp. Ján Bakoss (II. roč.); Juraj Holčík (III. a V. roč.); od VIII (1945) za red. zodp. Juraj Holčík, od 11/X (nov. 1947) P. Hronec. Red. Ján Bakoss, od 3/VIII (febr. 1945) Juraj Holčík, od 9/IX (sept. 1946) P. Hronec 
500 |a Maj. a vyd. Evanj. aug. vyzn. cirkevný sbor v Banskej Bystrici 
500 |a Tlač. Slovan, Banská Bystrica; od 7/I (okt. 1938) Daniel Pažický, Myjava. Kníhtlač. Havelka a spol. (do 9/IV; Bystrá (od 10/IV (okt. 1941) do konca V. roč.); Grafia (od zač. VI. roč.) 
500 |a Vyhl. NÚZ 562 Or. nov. z 29. 12. 1942 časopis mal zakázané používať papier a tlačiarenské práce, čo však na vydávanie nemalo vplyv. V období zastavenia dvojtýždenníka Stráž na Sione čitatelia dostávali letáčik Naša cirkev 
500 |a Paginácia nezahŕňa 4-8 s. obálky. K 1. jan. 1949 čas. zastavený 
500 |a Zmena podnázvu: od 1/VIII (1945) Mesačník Ev. a. v. cirkevného sboru v Banskej Bystrici 
520 |a Náboženský (ev. a. v.) regionálny mesačník 
650 0 7 |a náboženstvo  |2 SNKPH  |9 2023 
650 0 7 |a evanjelické cirkvi  |2 SNKPH  |9 64962 
655 7 |a náboženské časopisy  |2 SNKPH  |9 70790 
700 1 |a Holčík, Juraj,  |d 1903-1984  |4 pbd  |4 red  |9 155504 
700 1 |a Bakoss, Ján,  |d 1895-1945  |4 pbd  |4 red  |9 41690 
700 1 |a Hronec, P.  |4 red  |9 273499 
700 1 |a Pažický, Daniel,  |d 1881-1941  |4 prt  |9 174852 
710 1 |a Banská Bystrica  |b Evanjelický a. v. cirkevný zbor  |4 pbl  |9 273500 
710 2 |a Slovan (Banská Bystrica, Slovensko : tlačiareň),  |4 trl  |9 123491 
710 1 |a Havelka, Jozef a spol. (Banská Bystrica, Slovensko),  |d 1906-1949  |4 pbl  |9 271650 
710 2 |a Bystrá (Banská Bystrica)  |4 trl  |9 269357 
710 2 |a Grafia (Banská Bystrica)  |4 trl  |9 271175 
852 |a SNK  |b 10000  |h snkČSC 414 
852 |a UKB  |b 300000  |h SE 2731 
852 |a UKB  |b 300000  |h 20 D 1132 
852 |a SVKKK  |b 900000  |h B 32 
910 |a snk 
999 |c 9112  |d 11042 
952 |0 0  |1 0  |4 0  |7 0  |8 5  |a SNK  |b SNK  |d 2017-01-13  |i snkF 1328/68  |l 0  |o snkČSC 414/4/1941 D1  |p 17A1187131  |r 2026-02-21 19:57:31  |t č. 1-12, neúplné  |w 2026-02-21  |y PREZ  |z Chýba č. 1, 2 
952 |0 0  |1 0  |4 0  |7 0  |8 5  |a SNK  |b SNK  |d 2017-01-13  |i snkF 962/68  |l 0  |o snkČSC 414/5/1942 D1  |p 17A1187130  |r 2026-02-21 19:57:31  |t č. 1-12, neúplné  |w 2026-02-21  |y PREZ  |z Chýba č. 9,10 
952 |0 0  |1 0  |4 0  |7 0  |8 5  |a SNK  |b SNK  |d 2017-01-13  |i snkF 3235/??  |l 0  |o snkČSC 414/6/1943 D1  |p 17A1187133  |r 2026-02-21 19:57:31  |t č. 1-12, neúplné  |w 2026-02-21  |y PREZ  |z Chýba č. 1-5 
952 |0 0  |1 0  |4 0  |7 0  |a SNK  |b SNK  |d 2007-02-15  |i snk 34/47  |l 0  |o snkČSC 414/9/1946  |p 17A0527850  |r 2026-02-21 20:19:38  |t č. 1-12  |w 2026-02-21  |y PREZ 
952 |0 0  |1 0  |4 0  |7 0  |a SNK  |b SNK  |d 2012-08-30  |l 0  |o snkČSC 414/9/1946 D1  |p 17A1019607  |r 2026-02-21 20:23:36  |t č. 1-12  |w 2026-02-21  |y PREZ 
952 |0 0  |1 0  |4 0  |7 0  |a SNK  |b SNK  |d 1997-10-22  |l 0  |o snkČSC 414/10/1947  |p 17A0104536  |r 2005-01-02 00:00:00  |t č. 1-12  |w 2026-02-21  |y PREZ 
952 |0 0  |1 0  |4 0  |7 0  |a SNK  |b SNK  |d 2012-01-24  |l 0  |o snkČSC 414/10/1947 D1  |p 17A7633326  |r 2026-02-21 20:40:14  |t č. 1-12  |w 2026-02-21  |y PREZ 
952 |0 0  |1 0  |4 0  |7 0  |8 5  |a SNK  |b SNK  |d 2006-12-21  |i snkF 961/68  |l 0  |o snkČSC 414/5/1942  |p 17A0532678  |r 2026-02-21 21:09:05  |t č. 1-12  |w 2026-02-21  |y PREZ 
952 |0 0  |1 0  |4 0  |7 0  |a SNK  |b SNK  |d 2006-12-21  |i snkVI. /43  |l 0  |o snkČSC 414/6/1943  |p 17A0532387  |r 2026-02-21 21:09:05  |t č. 1-12  |w 2026-02-21  |y PREZ 
952 |0 0  |1 0  |4 0  |7 0  |a SNK  |b SNK  |d 2006-12-21  |i snkVII. 2952/44  |l 0  |o snkČSC 414/7/1944  |p 17A0532677  |r 2026-02-21 21:09:05  |t č. 1-12  |w 2026-02-21  |y PREZ 
952 |0 0  |1 0  |4 0  |7 0  |a SNK  |b SNK  |d 2006-12-21  |i snkVIII. /45  |l 0  |o snkČSC 414/8/1945  |p 17A0532696  |r 2026-02-21 21:09:05  |t č. 1-12  |w 2026-02-21  |y PREZ 
952 |0 0  |1 0  |4 0  |7 0  |8 5  |a SNK  |b SNK  |d 2006-12-28  |i snkF 1328/68  |l 0  |o snkČSC 414/4/1941  |p 17A0527852  |r 2026-02-21 21:10:01  |t č. 1-12, neúplné  |w 2026-02-21  |y PREZ  |z Chýba č. 3,4,5,6 
952 |0 0  |1 0  |4 0  |7 0  |8 5  |a SNK  |b SNK  |d 2005-07-27  |i snkF 3234/73  |l 0  |o snkČSC 414/1/1938  |p 17A0478288  |r 2026-02-21 21:22:12  |t č. 1-9  |w 2026-02-21  |y PREZ 
952 |0 0  |1 0  |4 0  |7 0  |8 5  |a SNK  |b SNK  |d 2005-07-27  |i snkF 3411/78  |l 0  |o snkČSC 414/2/1939  |p 17A0478348  |r 2026-02-21 21:22:12  |t č. 1-12  |w 2026-02-21  |y PREZ 
952 |0 0  |1 0  |4 0  |7 0  |a SNK  |b SNK  |d 2005-07-27  |i snk 964/68  |l 0  |o snkČSC 414/3/1940  |p 17A0478282  |r 2026-02-21 21:22:12  |t č. 1-12  |w 2026-02-21  |y PREZ 
952 |0 0  |1 0  |4 0  |7 0  |a SNK  |b SNK  |d 2017-01-13  |i snkXI. 2048/55  |l 0  |o snkČSC 414/7/1944 D1  |p 17A1186914  |r 2026-02-21 21:48:02  |t č. 1-12  |w 2026-02-21  |y PREZ 
952 |0 0  |1 0  |4 0  |7 0  |a SNK  |b SNK  |d 2017-01-13  |i snkXI. 2259/55  |l 0  |o snkČSC 414/8/1945 D1  |p 17A1186629  |r 2026-02-21 21:48:03  |t č. 1-12  |w 2026-02-21  |y PREZ